| 000 | 00434cam a2200169ua 4500 | ||
|---|---|---|---|
| 020 | _c7.50 | ||
| 041 |
_aeng _h |
||
| 082 |
_a954.01 _bNIL/HI |
||
| 100 | _aNeelakantasastri, K A . | ||
| 245 |
_aHistory of India:part, l ancient India / _cK A Neelakantasastri. _hTextual Documents |
||
| 260 |
_aChennai : _bS.Viswanathan , _c1963. |
||
| 300 | _a362 ; . | ||
| 365 | _a7.50 | ||
| 504 | _a | ||
| 942 | _cBK | ||
| 999 |
_c3347 _d3347 |
||